000 00487nam a2200181Ia 4500
005 20250326125255.0
008 250326s9999 xx 000 0 und d
037 _aTextbook
040 _aFMSL
_beng
_cFMSL
041 _aeng
_2eng
084 _aX61 L4
_qFMSL
100 _aSundharam K P M
245 0 _aMoney, banking, trade and fice
_cSundharam K P M
260 _aDelhi
_bDelhi, Sultan Chand
_c1974
300 _avp
942 _cTB
_hX61 L4
999 _c1277297
_d1277297